Hodnotenie a označovanie environmentálne vhodných produktov - prípadová štúdia bakalárska práca

Saved in:
Bibliographic Details
Main Author: Jakubovová, Ivana
Corporate Author: Podnikovohospodárska fakulta EU so sídlom v Košiciach. Katedra manažmentu
Other Authors: Majerník, Milan
Format: Book
Language:Slovak
Published: Košice 2017
Tags: Add Tag
No Tags, Be the first to tag this record!

MARC

LEADER 00000nbm a2200000 4500
001 0235295
005 20171113105452.7
041 0 |a slo 
044 |a SK 
245 1 0 |a Hodnotenie a označovanie environmentálne vhodných produktov - prípadová štúdia  |b bakalárska práca  |c Ivana Jakubovová ; školiteľ: Milan Majerník 
264 1 |a Košice  |c 2017 
300 |a 45 s. 
100 1 |a Jakubovová, Ivana 
700 1 |a Majerník, Milan 
710 2 |a Podnikovohospodárska fakulta EU so sídlom v Košiciach. Katedra manažmentu